[Event " Olexuv memorial 2019"]
[Site "Brno"]
[Date "2019.12.26"]
[Round "1.2"]
[White "Hajek, Oskar"]
[Black "Zikan, Karel"]
[Result "1-0"]
[WhiteElo "2177"]
[BlackElo "1679"]
[PlyCount "65"]
[EventDate "2019.12.26"]

1. e4 c6 2. d4 d5 3. e5 Bf5 4. Nc3 e6 5. g4 Bg6 6. Nge2 h6 7. Nf4 Bh7 8. Bd3
Bxd3 9. Qxd3 Nd7 10. b3 Qa5 11. Bd2 Bb4 12. a3 Bxc3 13. Bxc3 Qc7 14. O-O-O Ne7
15. Rhe1 c5 16. dxc5 Nxc5 17. Qd4 Rc8 18. Kb2 Ne4 19. Rd3 Nc6 20. Qa4 Nc5 21.
Qb5 Nxd3+ 22. Qxd3 O-O 23. Nh5 Ne7 24. f4 Rfd8 25. f5 exf5 26. gxf5 d4 27. Bd2
Nd5 28. Rg1 Ne3 29. Rxg7+ Kh8 30. Kb1 Qxc2+ 31. Qxc2 Nxc2 32. Rxf7 Ne3 33. Nf6
1-0

[Event " Olexuv memorial 2019"]
[Site "Brno"]
[Date "2019.12.26"]
[Round "1.3"]
[White "Hladky, Milan"]
[Black "Pribyl, Rene"]
[Result "0-1"]
[WhiteElo "1667"]
[BlackElo "1983"]
[PlyCount "51"]
[EventDate "2019.12.26"]

1. d4 c5 2. d5 e5 3. e4 d6 4. Bb5+ Nd7 5. Nc3 a6 6. Bxd7+ Bxd7 7. Be3 g6 8. Qd2
Bg7 9. O-O-O b5 10. Kb1 a5 11. h4 h5 12. Nh3 a4 13. Ng5 Nf6 14. f3 O-O 15. Ne2
Qc7 16. Nc1 Rfb8 17. g3 b4 18. Rh2 Rb5 19. Rg2 c4 20. Qf2 b3 21. c3 a3 22. axb3
cxb3 23. Qe1 axb2 24. Rxb2 Qa5 25. Nxb3 Rxb3 26. Bc1 0-1

[Event " Olexuv memorial 2019"]
[Site "Brno"]
[Date "2019.12.26"]
[Round "1.1"]
[White "Hurta, Miroslav"]
[Black "Pokorny, Petr"]
[Result "0-1"]
[WhiteElo "1737"]
[BlackElo "2239"]
[PlyCount "60"]
[EventDate "2019.12.26"]

1. e4 g6 2. d4 Bg7 3. f4 d5 4. e5 Bf5 5. Bd3 Nh6 6. Nf3 O-O 7. O-O b6 8. b3 c5
9. Bb2 Nc6 10. a3 Rc8 11. c4 Bxd3 12. Qxd3 dxc4 13. Qxc4 cxd4 14. Nxd4 Nxd4 15.
Qxd4 Qxd4+ 16. Bxd4 Rfd8 17. Bc3 Rd3 18. Rf3 Rxf3 19. gxf3 Nf5 20. Ra2 Bh6 21.
Bd2 Nd4 22. Kf2 Nxb3 23. Be3 Nc5 24. Rd2 Ne6 25. Kg3 Rc4 26. Rd7 Nxf4 27. Nd2
Ra4 28. Rxe7 Nh5+ 29. Kf2 Bxe3+ 30. Kxe3 Rxa3+ 0-1

[Event "Olexuv memorial 2019"]
[Site "?"]
[Date "2019.12.26"]
[Round "1.4"]
[White "Snorek, Milan"]
[Black "Nisztuk, Michal"]
[Result "1-0"]
[WhiteElo "1937"]
[BlackElo "1655"]
[PlyCount "123"]
[EventDate "2019.12.26"]
[SourceDate "2019.12.26"]

1. d4 d5 2. Nf3 c5 3. c4 cxd4 4. Qxd4 Nc6 5. Qxd5 Qxd5 6. cxd5 Nb4 7. Na3 Nxd5
8. e4 Nb4 9. Bd2 e6 10. Bb5+ Nc6 11. Ne5 Bd7 12. Nxd7 Kxd7 13. O-O-O Kc7 14.
Nc4 f6 15. Be3 b6 16. Rd3 Rd8 17. Rxd8 Nxd8 18. Rd1 Nc6 19. Bxc6 Kxc6 20. Rd8
Ne7 21. Rd6+ Kb5 22. Na3+ Ka4 23. Rxe6 Ng6 24. Nc2 Be7 25. f4 Bd8 26. g3 Ka5
27. Bd4 Rf8 28. Bc3+ Ka6 29. f5 Ne7 30. g4 Rf7 31. h3 Kb7 32. Nd4 Bc7 33. Nb5
Bf4+ 34. Bd2 Bxd2+ 35. Kxd2 Nc8 36. e5 fxe5 37. Rxe5 Rd7+ 38. Ke3 Kc6 39. Nd4+
Kd6 40. Ke4 Ne7 41. Ne6 g6 42. Nd4 gxf5+ 43. gxf5 a6 44. h4 Rc7 45. Re6+ Kc5
46. f6 Ng6 47. h5 Nf8 48. a3 Rc8 49. b4+ Kc4 50. Re7 Kc3 51. Nf5 Rc4+ 52. Ke5
Kb3 53. Rf7 Rc8 54. Nd6 Rd8 55. Nb7 Rb8 56. Re7 Kxa3 57. f7 Kxb4 58. Nd6 Kc5
59. Re8 Nd7+ 60. Kf5 Kxd6 61. Rxb8 Ke7 62. Rb7 1-0

[Event " Olexuv memorial 2019"]
[Site "Brno"]
[Date "2019.12.26"]
[Round "1.5"]
[White "Doskar, Miloslav"]
[Black "Borovicka, Bohumil"]
[Result "1/2-1/2"]
[WhiteElo "1590"]
[BlackElo "1905"]
[PlyCount "59"]
[EventDate "2019.12.26"]

1. d4 f5 2. Nf3 Nf6 3. g3 d5 4. Bg2 e6 5. O-O Bd6 6. Nbd2 O-O 7. c4 c6 8. b3 b6
9. Bb2 Bb7 10. Rc1 Qe7 11. Qc2 Nbd7 12. Rfd1 a5 13. a4 Ne4 14. Ne5 Rac8 15.
Nxd7 Qxd7 16. Nxe4 dxe4 17. c5 Bc7 18. e3 Ba6 19. Bf1 Bxf1 20. Rxf1 Qd5 21.
cxb6 Bxb6 22. Qc4 Rfe8 23. Ba3 g5 24. Rc2 f4 25. Rfc1 Qf5 26. Qf1 Qd5 27. Qc4
Qf5 28. Qf1 Qd5 29. Qc4 Qf5 30. Qf1 1/2-1/2

[Event " Olexuv memorial 2019"]
[Site "Brno"]
[Date "2019.12.26"]
[Round "1.7"]
[White "Wunsch, Radek"]
[Black "Divis, Jan"]
[Result "1-0"]
[WhiteElo "1881"]
[BlackElo "1508"]
[PlyCount "49"]
[EventDate "2019.12.26"]

1. e4 d5 2. exd5 Qxd5 3. Nc3 Qa5 4. d4 Nf6 5. Nf3 c6 6. Bc4 Bf5 7. O-O Nbd7 8.
Re1 Nb6 9. Bb3 Nbd5 10. Bd2 Nxc3 11. Bxc3 Qc7 12. Ne5 e6 13. Qf3 Bg6 14. Rad1
Bd6 15. h3 Nd5 16. Bxd5 cxd5 17. Nxg6 hxg6 18. Qxd5 O-O-O 19. Qe4 Rh5 20. Rd3
Rdh8 21. d5 Rh4 22. Qe2 e5 23. Bxe5 Bxe5 24. Qxe5 Qxc2 25. Rc3+ 1-0

[Event " Olexuv memorial 2019"]
[Site "Brno"]
[Date "2019.12.26"]
[Round "1.8"]
[White "Weber, Tomas"]
[Black "Marsa, Alexandr"]
[Result "0-1"]
[WhiteElo "1476"]
[BlackElo "1857"]
[PlyCount "48"]
[EventDate "2019.12.26"]

1. Nf3 d5 2. c4 e6 3. b3 Nf6 4. Bb2 Bd6 5. g3 O-O 6. Bg2 Nbd7 7. cxd5 exd5 8.
O-O c6 9. Nc3 b6 10. e3 Ba6 11. Re1 Bd3 12. Ne2 Rc8 13. Nc1 Ba6 14. d4 Bb4 15.
Nd2 Ne4 16. Bxe4 dxe4 17. a3 Bxd2 18. Qxd2 Nf6 19. Qd1 Qd7 20. Kg2 Qf5 21. Ne2
Qf3+ 22. Kh3 Ng4 23. Ng1 Nxf2+ 24. Kh4 Qf6+ 0-1

[Event " Olexuv memorial 2019"]
[Site "?"]
[Date "2019.12.26"]
[Round "1.6"]
[White "Hala, Pavel"]
[Black "Lukas, Frantisek"]
[Result "0-1"]
[WhiteElo "1451"]
[BlackElo "1859"]
[PlyCount "52"]
[EventDate "2019.12.09"]
[SourceDate "2019.12.26"]

1. c4 e5 2. e4 Nc6 3. Nc3 Nf6 4. Nf3 Bc5 5. h3 d6 6. d3 h6 7. a3 a5 8. Bd2 O-O
9. Qc1 Nh7 10. Be3 Bxe3 11. Qxe3 f5 12. Qd2 Nd4 13. Nxd4 exd4 14. Ne2 Qf6 15.
exf5 Bxf5 16. Ng3 Rae8+ 17. Kd1 Bg6 18. Kc2 Qxf2 19. Qxf2 Rxf2+ 20. Kb3 Re3 21.
Rd1 Rxg3 22. Ka2 Nf6 23. Rg1 Nh5 24. Re1 Re3 25. Rxe3 dxe3 26. g4 Nf4 0-1

[Event " Olexuv memorial 2019"]
[Site "Brno"]
[Date "2019.12.26"]
[Round "1.9"]
[White "Martisek, Karel"]
[Black "Hayrumyan, Artur"]
[Result "0-1"]
[WhiteElo "1815"]
[BlackElo "1448"]
[PlyCount "70"]
[EventDate "2019.12.26"]

1. e4 c6 2. d4 d5 3. exd5 cxd5 4. Nf3 Nc6 5. Be2 Bg4 6. h3 Bxf3 7. Bxf3 e6 8.
O-O Qb6 9. c3 Bd6 10. Nd2 Nge7 11. Re1 O-O 12. Nf1 Nf5 13. Ne3 Nfe7 14. Qe2 Ng6
15. g3 f5 16. Ng2 Rae8 17. h4 Qd8 18. Bg5 Qd7 19. h5 Nh8 20. Rad1 Bc7 21. Nh4
Nf7 22. Bc1 Qd8 23. Bg2 f4 24. Qg4 Nh6 25. Qh3 Nf5 26. Nxf5 Rxf5 27. g4 Rf6 28.
Qf3 b5 29. Bh3 e5 30. dxe5 Nxe5 31. Qe2 Rfe6 32. Kf1 f3 33. Qxb5 Qh4 34. Re3
Qxh3+ 35. Ke1 Nc4 0-1

[Event " Olexuv memorial 2019"]
[Site "Brno"]
[Date "2019.12.26"]
[Round "1.10"]
[White "Tancerova, Marie"]
[Black "Veznik, Michael"]
[Result "0-1"]
[WhiteElo "1433"]
[BlackElo "1773"]
[PlyCount "64"]
[EventDate "2019.12.26"]

1. e4 c5 2. Nf3 e6 3. d4 cxd4 4. Nxd4 Nc6 5. Nc3 Nf6 6. Bg5 Bb4 7. Nxc6 bxc6 8.
e5 Qa5 9. exf6 Qxg5 10. fxg7 Qxg7 11. Qf3 d5 12. O-O-O O-O 13. Rd3 Ba6 14. Rd1
Bxf1 15. Rhxf1 a5 16. Rd3 Qh6+ 17. Qe3 Qxe3+ 18. Rxe3 Bd6 19. Ne2 e5 20. Ng3 f5
21. Rb3 f4 22. Ne2 Rab8 23. f3 a4 24. Rxb8 Rxb8 25. Nc3 a3 26. b3 Kf7 27. Rd1
Rg8 28. Nxd5 cxd5 29. Rxd5 Ke6 30. Rd2 Bb4 31. Re2 Bc3 32. h3 Rd8 0-1

[Event " Olexuv memorial 2019"]
[Site "Brno"]
[Date "2019.12.26"]
[Round "1.11"]
[White "Kolek, Josef"]
[Black "Koci, Milos"]
[Result "1-0"]
[WhiteElo "1771"]
[BlackElo "1359"]
[Annotator " "]
[PlyCount "48"]
[EventDate "2019.12.26"]

1. e4 c5 2. Nf3 e6 3. d4 cxd4 4. Nxd4 a6 5. c4 d6 6. Nc3 Nf6 7. f3 Be7 8. Be3
O-O 9. Bd3 Nbd7 10. O-O Nc5 11. Bc2 Re8 12. Rc1 Qc7 13. b3 b6 14. h3 Bb7 15. g4
Bf8 16. Bf2 Red8 17. Bg3 Ncd7 18. Qe2 h6 19. Rfd1 g6 20. Qh2 e5 21. Nde2 Qc5+
22. Qf2 Qc7 23. Bb1 Nh7 24. h4 Nc5 {necitelne} 1-0

[Event " Olexuv memorial 2019"]
[Site "Brno"]
[Date "2019.12.26"]
[Round "1.12"]
[White "Devat, Jakub"]
[Black "Neduchal, Jiri"]
[Result "0-1"]
[WhiteElo "1000"]
[BlackElo "1740"]
[PlyCount "110"]
[EventDate "2019.12.26"]

1. e4 c6 2. d4 d5 3. e5 Bf5 4. Nf3 e6 5. Bd3 Bxd3 6. Qxd3 Qc7 7. b3 c5 8. dxc5
Bxc5 9. Ba3 Bxa3 10. Nxa3 Qa5+ 11. b4 Qxb4+ 12. Nd2 Nc6 13. Rb1 Qa5 14. O-O
Nge7 15. Rxb7 O-O 16. Nf3 Ng6 17. Re1 Rab8 18. Rbb1 h6 19. Rbc1 Rfc8 20. c4 Nb4
21. Qc3 Qc5 22. Re2 Nf4 23. Rd2 Nbd3 24. Rcd1 dxc4 25. g3 Nd5 26. Qxc4 Qxc4 27.
Nxc4 Rxc4 28. Rxd3 Rb2 29. R3d2 Rcc2 30. Rxc2 Rxc2 31. Rd2 Rc3 32. Nd4 Ra3 33.
Nb5 Ra5 34. Rb2 a6 35. Nd6 Nc3 36. Rb8+ Kh7 37. Rb7 Rxe5 38. Rxf7 Nxa2 39. Rf3
Rd5 40. Nc4 Rc5 41. Ra3 Rxc4 42. Rxa6 Nc3 43. Rxe6 Re4 44. Rxe4 Nxe4 45. Kg2 g5
46. Kf3 Nf6 47. h3 Kg6 48. g4 Nd5 49. Kg3 Kf6 50. h4 Ke5 51. hxg5 hxg5 52. Kf3
Kd4 53. Ke2 Ke4 54. f3+ Kf4 55. Kf2 Ne3 0-1

[Event " Olexuv memorial 2019"]
[Site "Brno"]
[Date "2019.12.26"]
[Round "1.13"]
[White "Tokabayev, Alibek"]
[Black "Kacalek, Tomas"]
[Result "1-0"]
[WhiteElo "1895"]
[BlackElo "1568"]
[PlyCount "73"]
[EventDate "2019.12.26"]

1. d4 e6 2. Nf3 d5 3. c4 c6 4. Nc3 Nf6 5. Bf4 Nbd7 6. e3 Nh5 7. Be5 Nxe5 8.
dxe5 g6 9. cxd5 exd5 10. Bd3 Be7 11. Qc2 Ng7 12. O-O O-O 13. Rad1 Bg4 14. Be2
Qb8 15. e4 Bxf3 16. Bxf3 d4 17. Rxd4 Rd8 18. Rxd8+ Bxd8 19. Qb3 Ne6 20. Bg4 Nc5
21. Qc4 Qxe5 22. b4 Ne6 23. g3 h5 24. Bh3 h4 25. Kg2 g5 26. Ne2 hxg3 27. hxg3
Bc7 28. f4 gxf4 29. gxf4 Qg7+ 30. Kf3 Qh6 31. Rg1+ Kf8 32. Bxe6 Qxe6 33. Qc3
Qh3+ 34. Ng3 Qh4 35. e5 Rd8 36. Rh1 Qe7 37. Rh8+ 1-0

[Event " Olexuv memorial 2019"]
[Site "Brno"]
[Date "2019.12.27"]
[Round "2.1"]
[White "Pokorny, Petr"]
[Black "Wunsch, Radek"]
[Result "1/2-1/2"]
[WhiteElo "2239"]
[BlackElo "1881"]
[PlyCount "51"]
[EventDate "2019.12.26"]

1. d4 Nf6 2. Nf3 d5 3. c4 c6 4. Nc3 e6 5. cxd5 exd5 6. Bg5 Be7 7. Qc2 g6 8.
Bxf6 Bxf6 9. e4 dxe4 10. Qxe4+ Kf8 11. Bc4 Kg7 12. O-O Re8 13. Qf4 Be6 14. Bxe6
Rxe6 15. Rae1 Rxe1 16. Rxe1 Na6 17. Ne5 Nc7 18. Rd1 Qe7 19. Ng4 Re8 20. Qxf6+
Qxf6 21. Nxf6 Kxf6 22. f3 Nd5 23. Ne4+ Kg7 24. Kf2 f5 25. Nc5 Re7 26. Nd3
1/2-1/2

[Event "Olexuv memorial 2019"]
[Site "Brno"]
[Date "2019.12.27"]
[Round "2.2"]
[White "Marsa, Alexandr"]
[Black "Hajek, Oskar"]
[Result "0-1"]
[WhiteElo "1857"]
[BlackElo "2177"]
[PlyCount "67"]
[EventDate "2019.12.26"]

1. d4 Nf6 2. c4 g6 3. Nc3 Bg7 4. e4 d6 5. Be2 O-O 6. Be3 e5 7. d5 Na6 8. g4 Nc5
9. Bf3 a5 10. h4 c6 11. g5 Ne8 12. dxc6 Ne6 13. cxb7 Bxb7 14. Nge2 f5 15. Qb3
Qc8 16. Nd5 Bxd5 17. cxd5 Nf4 18. Rc1 Qa6 19. Rc6 Qd3 20. Qxd3 Nxd3+ 21. Kd2
fxe4 22. Bxe4 Nxf2 23. Bxf2 Rxf2 24. Ke3 Rf7 25. Rhc1 Rb7 26. b3 Bf8 27. Rc8
Rbb8 28. Rxb8 Rxb8 29. Rc6 Be7 30. Ra6 Bd8 31. Kf3 Bb6 32. Bd3 Nc7 33. Nc3 Nxa6
34. Bxa6 0-1

[Event " Olexuv memorial 2019"]
[Site "Brno"]
[Date "2019.12.27"]
[Round "2.3"]
[White "Pribyl, Rene"]
[Black "Veznik, Michael"]
[Result "0-1"]
[WhiteElo "1983"]
[BlackElo "1773"]
[PlyCount "80"]
[EventDate "2019.12.26"]

1. d4 Nf6 2. c4 e6 3. Nc3 d5 4. Nf3 b6 5. Bg5 Bb7 6. e3 Be7 7. cxd5 exd5 8. Bd3
Nbd7 9. O-O O-O 10. a3 c5 11. b3 Rc8 12. dxc5 bxc5 13. Qe2 c4 14. bxc4 dxc4 15.
Bf5 Rc5 16. Nd4 Qa5 17. Qc2 g6 18. Bxd7 Rxg5 19. Nc6 Rxg2+ 20. Kxg2 Qg5+ 21.
Kh1 Nxd7 22. Qe4 Nc5 23. Qf3 Kg7 24. Ne4 Nxe4 25. Qxe4 Rc8 26. f3 Bxc6 27. h4
Qxh4+ 28. Qxh4 Bxh4 29. e4 Bf6 30. Rac1 c3 31. Kg2 c2 32. Rxc2 Bd7 33. Rd2 Bb5
34. Rb1 a6 35. f4 Rc3 36. e5 Bh4 37. Ra1 Bg3 38. Rd4 h5 39. a4 Bc6+ 40. Kg1 h4
0-1

[Event " Olexuv memorial 2019"]
[Site "Brno"]
[Date "2019.12.27"]
[Round "2.4"]
[White "Neduchal, Jiri"]
[Black "Snorek, Milan"]
[Result "1/2-1/2"]
[WhiteElo "1740"]
[BlackElo "1937"]
[PlyCount "80"]
[EventDate "2019.12.26"]

1. d4 Nf6 2. Nf3 e6 3. e3 c5 4. c3 b6 5. Bd3 Bb7 6. Nbd2 d5 7. O-O Be7 8. Qe2
O-O 9. dxc5 Bxc5 10. b4 Be7 11. Bb2 Ne4 12. Rfd1 Qc8 13. Rac1 Bf6 14. Bxe4 dxe4
15. Nd4 e5 16. N4b3 Qe6 17. c4 Nd7 18. a3 Rfc8 19. Nb1 a5 20. Nc3 axb4 21. axb4
Be7 22. Nd5 Bf8 23. Qd2 Nb8 24. c5 bxc5 25. Nxc5 Bxc5 26. Rxc5 Na6 27. Rxc8+
Rxc8 28. b5 Nc5 29. Nb4 h6 30. h3 f6 31. Rc1 Kh7 32. Rc3 Nb3 33. Qc2 Na5 34.
Rxc8 Bxc8 35. Qxe4+ g6 36. Qd5 Nc4 37. Qxe6 Bxe6 38. Bc3 Nb6 39. Nc6 Bc4 40.
Ba5 Bxb5 1/2-1/2

[Event " Olexuv memorial 2019"]
[Site "Brno"]
[Date "2019.12.27"]
[Round "2.5"]
[White "Lukas, Frantisek"]
[Black "Kolek, Josef"]
[Result "1/2-1/2"]
[WhiteElo "1889"]
[BlackElo "1771"]
[PlyCount "65"]
[EventDate "2019.12.26"]

1. d4 d5 2. c4 c6 3. Nf3 Nf6 4. e3 e6 5. Bd3 Nbd7 6. O-O Be7 7. Nbd2 b6 8. b3
Bb7 9. Bb2 O-O 10. Qe2 Rc8 11. Rac1 Bd6 12. Ne5 Ne8 13. Nxd7 Qxd7 14. e4 g6 15.
cxd5 exd5 16. exd5 cxd5 17. Rxc8 Bxc8 18. Nf3 Ng7 19. Ne5 Qe7 20. Re1 Be6 21.
Rc1 Nh5 22. g3 Qg5 23. Nf3 Qe7 24. Rc2 Re8 25. Bc1 Qd8 26. Qf1 Bg4 27. Nh4 Be7
28. Ng2 Bb4 29. Re2 Bh3 30. Rxe8+ Qxe8 31. Qe2 Qxe2 32. Bxe2 Bxg2 33. Kxg2
1/2-1/2

[Event " Olexuv memorial 2019"]
[Site "Brno"]
[Date "2019.12.27"]
[Round "2.6"]
[White "Borovicka, Bohumil"]
[Black "Martisek, Karel"]
[Result "1-0"]
[WhiteElo "1905"]
[BlackElo "1815"]
[PlyCount "69"]
[EventDate "2019.12.26"]

1. e4 e5 2. Nc3 Nf6 3. Bc4 Be7 4. d3 O-O 5. f4 exf4 6. e5 Ne8 7. Bxf4 d6 8. Nf3
dxe5 9. Nxe5 Nd6 10. Bb3 Nd7 11. d4 Nf6 12. O-O Bf5 13. g4 Bc8 14. g5 Nfe8 15.
g6 Be6 16. gxh7+ Kxh7 17. Bxe6 fxe6 18. Qh5+ Kg8 19. Ng6 Nf7 20. Nxf8 Qxd4+ 21.
Kh1 Nf6 22. Nxe6 Qc4 23. Qe2 Qc6+ 24. Rf3 Bd6 25. Qg2 Bf8 26. Nxc7 Rc8 27. Rd1
Nh5 28. N7d5 Rd8 29. Rfd3 Qc4 30. Qe4 Qc5 31. Qe3 Qc6 32. Qf3 Nxf4 33. Qxf4 b5
34. Qe4 b4 35. Ne7+ 1-0

[Event " Olexuv memorial 2019"]
[Site "Brno"]
[Date "2019.12.27"]
[Round "2.7"]
[White "Hurta, Miroslav"]
[Black "Doskar, Miloslav"]
[Result "1-0"]
[WhiteElo "1737"]
[BlackElo "1590"]
[PlyCount "67"]
[EventDate "2019.12.26"]

1. e4 e5 2. Nf3 Nc6 3. Bc4 Bc5 4. c3 Nf6 5. d4 exd4 6. e5 d5 7. Bb5 Ne4 8. cxd4
Bb4+ 9. Bd2 Bxd2+ 10. Nbxd2 Nxd2 11. Qxd2 Bd7 12. Bd3 h6 13. O-O O-O 14. a3 Bg4
15. Be2 Ne7 16. Rfe1 c6 17. Qf4 Be6 18. Bd3 Qd7 19. Re3 Nf5 20. Bxf5 Bxf5 21.
Nh4 Be4 22. Rg3 Kh8 23. Re1 Qe6 24. Qd2 b6 25. f4 Qe7 26. Rh3 Qe6 27. Rxe4 dxe4
28. f5 Qc4 29. f6 Rfd8 30. fxg7+ Kg8 31. Nf5 Qe6 32. Qxh6 Qxh6 33. Rxh6 f6 34.
e6 1-0

[Event " Olexuv memorial 2019"]
[Site "Brno"]
[Date "2019.12.27"]
[Round "2.8"]
[White "Zikan, Karel"]
[Black "Weber, Tomas"]
[Result "1-0"]
[WhiteElo "1679"]
[BlackElo "1476"]
[PlyCount "147"]
[EventDate "2019.12.26"]

1. d4 d6 2. c4 c6 3. Nc3 Nf6 4. e4 Nbd7 5. Be3 e5 6. Be2 Be7 7. Nf3 O-O 8. O-O
Re8 9. Qc2 Bf8 10. Rad1 Qc7 11. d5 a6 12. dxc6 bxc6 13. Nh4 Nc5 14. Bxc5 dxc5
15. h3 Bb7 16. Rd2 Rad8 17. Rfd1 Rxd2 18. Rxd2 Rd8 19. Nf3 Rxd2 20. Qxd2 Qd6
21. Qg5 Nd7 22. Qd8 Qe7 23. Qc7 Nf6 24. Qxe7 Bxe7 25. Nxe5 Bd6 26. Nd3 Nd7 27.
Na4 f6 28. Bg4 Ne5 29. Ndxc5 Ba8 30. Be6+ Kf8 31. Nd7+ Ke7 32. Nxe5 Kxe6 33.
Nd3 Ke7 34. c5 Bc7 35. f4 Bb7 36. Kf2 a5 37. Ke3 Ba6 38. g3 g5 39. fxg5 Bxg3
40. gxf6+ Kxf6 41. Nb6 Bh2 42. b3 Bg1+ 43. Kd2 Ke6 44. Na4 Bb5 45. Nab2 Kf6 46.
a3 Bd4 47. b4 Bxb2 48. Nxb2 axb4 49. axb4 Ke5 50. Ke3 Bf1 51. h4 Bb5 52. Nd3+
Ke6 53. Kd4 Kf6 54. Nf4 Bf1 55. Nd3 Ke6 56. Ke3 Kf6 57. Nf2 Bc4 58. Kd4 Be6 59.
Nd3 Bf7 60. Ne5 Be8 61. Nc4 Bd7 62. Nd6 Ke6 63. e5 Ke7 64. Ke4 Ke6 65. Nc4 Kf7
66. Kf4 h6 67. Nb6 Be6 68. Ke4 Ke7 69. Kd4 Bf7 70. Nc8+ Ke6 71. Nd6 Bh5 72. b5
cxb5 73. Nxb5 Be8 74. Nc7+ 1-0

[Event " Olexuv memorial 2019"]
[Site "Brno"]
[Date "2019.12.27"]
[Round "2.9"]
[White "Divis, Jan"]
[Black "Hladky, Milan"]
[Result "1/2-1/2"]
[WhiteElo "1508"]
[BlackElo "1667"]
[PlyCount "42"]
[EventDate "2019.12.26"]

1. d4 Nf6 2. Bf4 d6 3. e3 c6 4. c3 Qb6 5. Qc1 Bf5 6. Nd2 Nbd7 7. Ngf3 h6 8. h3
Qd8 9. Bc4 Nb6 10. Bb3 e6 11. Bc2 Bxc2 12. Qxc2 d5 13. g4 Bd6 14. Bxd6 Qxd6 15.
Ne5 Nbd7 16. f4 Qe7 17. Ndf3 Nxe5 18. fxe5 Ne4 19. Rh2 O-O-O 20. O-O-O Kb8 21.
Rd3 Qc7 1/2-1/2

[Event " Olexuv memorial 2019"]
[Site "Brno"]
[Date "2019.12.27"]
[Round "2.10"]
[White "Nisztuk, Michal"]
[Black "Tancerova, Marie"]
[Result "1-0"]
[WhiteElo "1655"]
[BlackElo "1433"]
[PlyCount "127"]
[EventDate "2019.12.26"]

1. e4 e5 2. Bc4 Bc5 3. Nf3 Nc6 4. c3 d6 5. b4 Bb6 6. Qb3 Qe7 7. O-O Nf6 8. a4
a6 9. d3 h6 10. Na3 Be6 11. Be3 O-O 12. Bxb6 cxb6 13. Bxe6 Qxe6 14. Qxe6 fxe6
15. Nc4 b5 16. axb5 axb5 17. Na3 Na7 18. Ra2 Nd7 19. Rfa1 Nb6 20. d4 Rac8 21.
Rc2 Nd7 22. dxe5 Nxe5 23. Nd4 Nd3 24. Rd1 Nf4 25. Naxb5 Nxb5 26. Nxb5 d5 27. g3
Nh3+ 28. Kg2 Ng5 29. exd5 exd5 30. Rxd5 Ne4 31. Rd7 b6 32. Rb7 Rf6 33. Re7 Ng5
34. Rd2 Rcf8 35. f4 Ne6 36. Rdd7 Rg6 37. Kh3 Rf5 38. Rxe6 Rh5+ 39. Kg2 Rxe6 40.
Nd4 Re3 41. Rc7 Rd3 42. Nf3 Rhd5 43. Kf2 Rd7 44. Rc8+ Kh7 45. Ke2 R3d6 46. Rc4
Re7+ 47. Ne5 g5 48. Ke3 Kg7 49. Rd4 Rde6 50. Ke4 Kf6 51. Rd5 Rc7 52. Rd3 gxf4
53. gxf4 Rc4+ 54. Kf3 Rxe5 55. fxe5+ Kxe5 56. Ke2 Rh4 57. h3 Re4+ 58. Re3 h5
59. Kd3 Rxe3+ 60. Kxe3 Kf5 61. c4 Kg5 62. Kf3 Kf5 63. c5 bxc5 64. bxc5 1-0

[Event " Olexuv memorial 2019"]
[Site "Brno"]
[Date "2019.12.27"]
[Round "2.11"]
[White "Kacalek, Tomas"]
[Black "Devat, Jakub"]
[Result "1-0"]
[WhiteElo "1568"]
[BlackElo "1000"]
[PlyCount "31"]
[EventDate "2019.12.26"]

1. e4 e5 2. f4 exf4 3. Qf3 Qh4+ 4. g3 fxg3 5. hxg3 Qf6 6. Bc4 Nc6 7. c3 Bd6 8.
Qg2 Qg6 9. Ne2 Nf6 10. d3 Ne5 11. Nd2 c6 12. Nf4 Qg5 13. d4 Nxc4 14. Nxc4 Bc7
15. e5 Ng8 16. Ne6 1-0

[Event " Olexuv memorial 2019"]
[Site "Brno"]
[Date "2019.12.27"]
[Round "2.12"]
[White "Koci, Milos"]
[Black "Hala, Pavel"]
[Result "1/2-1/2"]
[WhiteElo "1359"]
[BlackElo "1531"]
[PlyCount "72"]
[EventDate "2019.12.26"]

1. d4 b6 2. Bf4 d6 3. Nf3 Bb7 4. Nbd2 h6 5. e3 e6 6. Be2 Ne7 7. O-O g5 8. Bg3
Bg7 9. h3 f5 10. Ne1 O-O 11. Bf3 d5 12. c3 Nd7 13. Nd3 Ba6 14. Qc2 c5 15. Rfe1
c4 16. Ne5 Bxe5 17. Bxe5 Nxe5 18. dxe5 b5 19. Be2 Qe8 20. Bd1 Nc6 21. f4 Qe7
22. Bh5 Qg7 23. Rf1 Bc8 24. a3 Bd7 25. Rf3 Kh8 26. Rg3 Rg8 27. Nf1 Qe7 28. Nh2
Rg7 29. Qe2 Rag8 30. Rf1 gxf4 31. Rxg7 Qxg7 32. exf4 Qe7 33. Nf3 Be8 34. Bxe8
Qxe8 35. Qf2 Qf8 36. Nd4 Nxd4 1/2-1/2

[Event " Olexuv memorial 2019"]
[Site "Brno"]
[Date "2019.12.27"]
[Round "2.13"]
[White "Hayrumyan, Artur"]
[Black "Tokabayev, Alibek"]
[Result "0-1"]
[WhiteElo "1448"]
[BlackElo "1895"]
[PlyCount "54"]
[EventDate "2019.12.26"]

1. e4 e5 2. Nc3 f5 3. exf5 Nf6 4. Bc4 d5 5. Bb3 Bxf5 6. Nf3 Nc6 7. Ba4 Bd6 8.
d3 O-O 9. Bg5 Be6 10. Bxc6 bxc6 11. Qe2 Bf7 12. h3 Rc8 13. b3 Bb4 14. Bd2 e4
15. Ne5 exd3 16. Qxd3 Re8 17. f4 Bg6 18. Qf3 Bd6 19. O-O-O Bxe5 20. fxe5 Rxe5
21. g4 Qe7 22. Rde1 Qa3+ 23. Kb1 Ne4 24. Bc1 Qc5 25. Bb2 Nd2+ 26. Kc1 Rxe1+ 27.
Rxe1 Nxf3 0-1

[Event " Olexuv memorial 2019"]
[Site "Brno"]
[Date "2019.12.28"]
[Round "3.1"]
[White "Veznik, Michael"]
[Black "Pokorny, Petr"]
[Result "0-1"]
[WhiteElo "1773"]
[BlackElo "2239"]
[PlyCount "137"]
[EventDate "2019.12.26"]

1. e4 e5 2. Bc4 Nf6 3. d3 c6 4. a3 d5 5. exd5 cxd5 6. Bb3 Nc6 7. h3 Be7 8. Ne2
O-O 9. O-O Be6 10. c3 Qd7 11. Kh2 Bd6 12. f4 Rae8 13. Ng3 Qc7 14. Nh5 Nxh5 15.
Qxh5 exf4 16. Kh1 d4 17. c4 Ne7 18. Nd2 Nf5 19. Ne4 Bd7 20. Kg1 Rxe4 21. dxe4
Ng3 22. Qf3 Nxf1 23. Kxf1 b5 24. cxb5 Bxb5+ 25. Kg1 d3 26. Bd2 Ba6 27. Kh2 Qb6
28. Bb4 Bxb4 29. axb4 Qxb4 30. Bxf7+ Rxf7 31. Rxa6 Qd4 32. Re6 h6 33. e5 d2 34.
Rd6 Qe3 35. e6 Re7 36. Qd5 Qg3+ 37. Kh1 Qe1+ 38. Kh2 d1=Q 39. Qxd1 Qxd1 40.
Rxd1 Rxe6 41. Rd2 Re3 42. Rf2 Re4 43. g3 f3 44. Rxf3 Re2+ 45. Kg1 Rxb2 46. Ra3
Rb7 47. Ra6 Kf7 48. g4 Ke8 49. Kg2 Kd8 50. Kg3 Kc8 51. h4 Kb8 52. Kf4 Rb6 53.
Ra5 a6 54. h5 Rb4+ 55. Kg3 Kb7 56. Rf5 Kc6 57. Rf7 Rb7 58. Rf5 Ra7 59. Kf4 a5
60. g5 hxg5+ 61. Kxg5 a4 62. Kg6 a3 63. Rf1 a2 64. Re1 Kd5 65. Rh1 a1=Q 66.
Rxa1 Rxa1 67. Kxg7 Rg1+ 68. Kf7 Rh1 69. Kg6 0-1

[Event " Olexuv memorial 2019"]
[Site "Brno"]
[Date "2019.12.28"]
[Round "3.2"]
[White "Snorek, Milan"]
[Black "Lukas, Frantisek"]
[Result "1-0"]
[WhiteElo "1937"]
[BlackElo "1889"]
[PlyCount "81"]
[EventDate "2019.12.26"]

1. Nf3 d5 2. d4 c5 3. c4 dxc4 4. e3 cxd4 5. Bxc4 Qc7 6. Qc2 e6 7. Bb5+ Nc6 8.
Nxd4 Bd7 9. Nxc6 Bxc6 10. Bxc6+ Qxc6 11. Qxc6+ bxc6 12. Bd2 Rb8 13. b3 Nf6 14.
Ke2 Bb4 15. Rc1 Kd7 16. Rc4 Bxd2 17. Nxd2 Nd5 18. Rd1 Kc7 19. Rdc1 Rb6 20. Ra4
Rb7 21. Nc4 f6 22. g3 Ra8 23. Na5 Rb6 24. Rac4 Ne7 25. f4 Rc8 26. Re4 Kd7 27.
Rd1+ Nd5 28. Rc4 Kc7 29. e4 Ne7 30. Rcd4 Kb8 31. Nc4 Ra6 32. a4 c5 33. Rd7 Rc7
34. Rd8+ Rc8 35. R1d7 Rxd8 36. Rxd8+ Kc7 37. Rh8 Nc6 38. Kd3 Nd4 39. Kc3 e5 40.
f5 Ne2+ 41. Kb2 1-0

[Event " Olexuv memorial 2019"]
[Site "Brno"]
[Date "2019.12.28"]
[Round "3.3"]
[White "Wunsch, Radek"]
[Black "Borovicka, Bohumil"]
[Result "1-0"]
[WhiteElo "1881"]
[BlackElo "1905"]
[PlyCount "67"]
[EventDate "2019.12.26"]

1. e4 d5 2. exd5 Qxd5 3. Nc3 Qd6 4. Nf3 Nf6 5. d4 c6 6. Bc4 Bg4 7. Be3 e6 8. h3
Bh5 9. Qe2 Nbd7 10. O-O-O Nb6 11. Bb3 Bxf3 12. Qxf3 Nbd5 13. Nxd5 Nxd5 14. Bd2
Be7 15. c4 Nf6 16. Bc3 O-O 17. g4 b5 18. c5 Qd7 19. h4 Nd5 20. Bd2 e5 21. dxe5
Bxc5 22. Bxd5 cxd5 23. Bg5 d4 24. h5 Qe6 25. h6 Qxa2 26. Rd2 Rac8 27. Kd1 Bb4
28. hxg7 Rc1+ 29. Kxc1 Bxd2+ 30. Bxd2 Rc8+ 31. Kd1 Qb1+ 32. Ke2 d3+ 33. Ke3
Qxb2 34. Qe4 1-0